000 00517nam a22002057a 4500
003 UA-OsUOA
001 51599
007 ta
008 20080116b un ||||| |||| 00| 0 ukr d
090 _a32
_bД-12
942 _cSA
040 _aUA-OsUOA
_bukr
_cUA-OsUOA
_dUA-OsUOA
245 _aДепутати просять Ющенка зробити Бандеру Героєм України.
300 _aС.2
955 _a0
041 _aukr
080 _a32
773 0 _w51593
650 7 _a32 Політика
_2UDC
999 _c337687
_d337687